Statistics for టాలీవుడ్ సినిమాని గుర్తించండి #2

Click here to take the quiz!

General Stats

  • This quiz has been taken 2 times
  • The average score is 11 of 20

Answer Stats

Answer% Correct
అలా వైకుంఠపురంలో (alā vaikunṭhapuramlō)
100%
డీజే టిల్లు (ḍījē ṭillu)
100%
జాతిరత్నాలు (jātiratnālu)
100%
లైగర్ (laigar)
100%
రంగస్థలం (rangasthalam)
100%
రేసు గుర్రం (rēsu gurram)
100%
ఆదిపురుష్ (ādipuruṣ)
50%
ఛత్రపతి (chatrapati)
50%
దసరా (dasarā)
50%
గీత గోవిందం (gīta gōvindam)
50%
లిటిల్ సోల్జర్స్ (liṭil sōljars)
50%
మగధీర (magadhīra)
50%
మహానటి (mahānaṭi)
50%
మర్యాద రామన్న (maryāda rāmanna)
50%
సాహో (sāhō)
50%
వకీల్‌ సాబ్ (vakīl sāb)
50%
అఖండ (akhanḍa)
0%
ఛలో (chalō)
0%
మేజర్ (mējar)
0%
వీర సింహా రెడ్డి (vīra simhā reddi)
0%

Score Distribution

Percentile by Number Answered

Percent of People with Each Score

Your Score History

You have not taken this quiz